000
00323nam a22001457a 4500
008
230912b ||||| |||| 00| 0 eng d
020
_a
080167241
041
_a
eng
080
_2
FIRST EDITION 1972
_a
521
082
_a
521HIL
100
_a
19
101
_a
ASTRO
245
_a
COSMIC RAYS
_c
HILLAS.M.A
942
_2
udc
_c
BK
999
_c
60327
_d
60327